书目信息 |
| 题名: |
我国制造业产业集群升级的新制度经济学研究
|
|
| 作者: | 刘春芝 , 史建军 著 | |
| 分册: | ||
| 出版信息: | 北京 人民出版社 2013 |
|
| 页数: | 184页 | |
| 开本: | 24cm | |
| 丛书名: | ||
| 单 册: | ||
| 中图分类: | F426.4 | |
| 科图分类: | ||
| 主题词: | 制造工业--产业发展--研究--中国 , 制造工业 , 产业发展 | |
| 电子资源: | ||
| ISBN: | 978-7-01-012584-8 | |
| 000 | 01470nam0 2200289 450 | |
| 001 | 523 | |
| 005 | 20140909094431.04 | |
| 010 | @a978-7-01-012584-8@dCNY24.00 | |
| 100 | @a20131206d2013 em y0chiy50 ea | |
| 101 | 0 | @achi |
| 102 | @aCN@b110000 | |
| 105 | @ay z 000yy | |
| 106 | @ar | |
| 200 | 1 | @a我国制造业产业集群升级的新制度经济学研究@AWo Guo Zhi Zao Ye Chan Ye Ji Qun Sheng Ji De Xin Zhi Du Jing Ji Xue Yan Jiu@f刘春芝,史建军著@FLiu Chun Zhi , Shi Jian Jun Zhu |
| 210 | @a北京@c人民出版社@d2013 | |
| 215 | @a184页@d24cm | |
| 300 | @a教育部人文社科项目《新制度经济学视角下我国制造业产业集群的升级路径研究》 辽宁省科学技术计划项目《节能减排视角下辽宁制造业产业集群升级与区域经济发展研究》 沈阳师范大学校内重大原创项目《辽宁制造业产业集群升级的瓶颈与对策研究》 | |
| 314 | @a版权页题:刘春芝、史建军著 | |
| 330 | @a本书以新制度经济学的制度为研究视角,以制造业为实证分析样本,对我国目前产业集群形成的制度诱因、成长路径和实施机制等问题进行深入剖析,从制度上阐释当前产业集群中存在的路径依赖、创新锁定、发展瓶颈等困境与障碍,探索产业集群突破上述制度障碍、实现集群升级的具体模式与策略,从而进一步提升我国产业集群的核心竞争力,为产业集群的可持续发展提供对策性建议。 | |
| 606 | 0 | @a制造工业@x产业发展@x研究@y中国 |
| 606 | 0 | @a制造工业 |
| 606 | 0 | @a产业发展 |
| 690 | @aF426.4@v5 | |
| 701 | 0 | @a刘春芝@ALiu Chun Zhi@c(女,@f1970~)@4著 |
| 701 | 0 | @a史建军@AShi Jian Jun@f(1982~)@4著 |
| 801 | 0 | @aCN@bTANGWEI@c20140603 |
| 905 | @b0840848-50@dF426.4@e129@f3 | |
| 我国制造业产业集群升级的新制度经济学研究/刘春芝,史建军著.-北京:人民出版社,2013 |
| 184页;24cm |
| 教育部人文社科项目《新制度经济学视角下我国制造业产业集群的升级路径研究》 辽宁省科学技术计划项目《节能减排视角下辽宁制造业产业集群升级与区域经济发展研究》 沈阳师范大学校内重大原创项目《辽宁制造业产业集群升级的瓶颈与对策研究》 |
| ISBN 978-7-01-012584-8:CNY24.00 |
| 本书以新制度经济学的制度为研究视角,以制造业为实证分析样本,对我国目前产业集群形成的制度诱因、成长路径和实施机制等问题进行深入剖析,从制度上阐释当前产业集群中存在的路径依赖、创新锁定、发展瓶颈等困境与障碍,探索产业集群突破上述制度障碍、实现集群升级的具体模式与策略,从而进一步提升我国产业集群的核心竞争力,为产业集群的可持续发展提供对策性建议。 |
| ● |
| 相关链接 |
|
|
|
|
正题名:我国制造业产业集群升级的新制度经济学研究
索取号:F426.4/129
 
预约/预借
| 序号 | 登录号 | 条形码 | 馆藏地/架位号 | 状态 | 备注 |
| 1 | 0840848 | 208408481 | 第一样本阅览室/ [索取号:F426.4/129] | 在馆 | |
| 2 | 0840849 | 208408490 | 密集书库-海洋学院/ [索取号:F426.4/129] | 在馆 | |
| 3 | 0840850 | 208408506 | 第一借阅区/ [索取号:F426.4/129] | 在馆 |